[Event "VI Sunway Sitges Open 2019"]
[Site "Sitges"]
[Date "2019.12.22"]
[Round "10.10"]
[White "Gines Esteo, Pedro Antonio"]
[Black "Nihal Sarin"]
[Result "0-1"]
[WhiteElo "2483"]
[BlackElo "2612"]
[Annotator "RC"]
[PlyCount "104"]
[EventDate "2019.12.13"]
[EventType "swiss"]
[EventCountry "ESP"]
[SourceTitle "playchess.com"]
[Source "ChessBase"]
[SourceQuality "1"]

1. Nf3 d5 2. b3 Bf5 3. Bb2 e6 4. g3 Nf6 5. d3 h6 6. Nbd2 Be7 7. Bg2 O-O 8. O-O Bh7 9. Ne5 Nbd7 10. Ndf3 a5 11. a3 c6 12. c4 Re8 13. Qc2 Nxe5 14. Nxe5 Nd7 15. Nxd7 Qxd7 16. b4 Bf8 17. Rfc1 Bg6 18. Rab1 axb4 19. axb4 Rad8 20. b5 cxb5 21. cxd5 exd5 22. Bf3 b4 23. Bd4 Qf5 24. Qb3 Bh5 25. Bxh5 Qxh5 26. e3 Rc8 27. Qa4 Qg6 28. Qd7 Qxd3 29. Qxd5 b5 30. Kg2 Red8 31. Qb7 Rc4 32. Rd1 Qf5 33. Ra1 Rdc8 34. Ra5 Rc2 35. Qf3 Qe6 36. Rxb5 Ra2 37. Rb7 Rcc2 38. e4 Rd2 39. Rxd2 Rxd2 40. Qe3 Rd1 41. Rb8 Qc4 42. Bc5 Qf1+ 43. Kf3 Rd3 44. Rxf8+ Kh7 45. Rxf7 Qd1+ 46. Kf4 Rxe3 47. Bxe3 Qd6+ 48. Kf3 b3 49. Rb7 b2 50. Kg2 Qe5 51. f3 Qc3 52. Kh3 Qc8+ 0-1

[Event "VI Sunway Sitges Open 2019"]
[Site "Sitges"]
[Date "2019.12.22"]
[Round "10.11"]
[White "Karthikeyan, Murali"]
[Black "Aroshidze, Levan"]
[Result "1-0"]
[WhiteElo "2611"]
[BlackElo "2514"]
[Annotator "TA"]
[PlyCount "61"]
[EventDate "2019.12.13"]
[EventType "swiss"]
[EventCountry "ESP"]
[SourceTitle "playchess.com"]
[Source "ChessBase"]
[SourceQuality "1"]

1. e4 c5 2. Nf3 e6 3. d4 cxd4 4. Nxd4 Nc6 5. Nc3 Qc7 6. g3 a6 7. Bg2 Nf6 8. O-O Nxd4 9. Qxd4 Bc5 10. Bf4 d6 11. Qd2 h6 12. Rad1 e5 13. Be3 Be6 14. Bxc5 dxc5 15. Nd5 Bxd5 16. exd5 Qd6 17. f4 O-O 18. fxe5 Qxe5 19. d6 Qxb2 20. d7 Rad8 21. Bh3 Qxa2 22. Rxf6 gxf6 23. Bf5 Kg7 24. Qc3 b5 25. Rd6 Qb1+ 26. Kf2 Qc1 27. Qxf6+ Kg8 28. h4 Rde8 29. dxe8=N Rxe8 30. Bh7+ Kf8 31. Be4 1-0

[Event "VI Sunway Sitges Open 2019"]
[Site "Sitges"]
[Date "2019.12.22"]
[Round "10.12"]
[White "Pogonina, Natalija"]
[Black "Liang, Awonder"]
[Result "1/2-1/2"]
[WhiteElo "2479"]
[BlackElo "2593"]
[Annotator "RC"]
[PlyCount "90"]
[EventDate "2019.12.13"]
[EventType "swiss"]
[EventCountry "ESP"]
[SourceTitle "playchess.com"]
[Source "ChessBase"]
[SourceQuality "1"]

1. d4 Nf6 2. Nf3 e6 3. c4 d5 4. g3 Be7 5. Bg2 O-O 6. O-O Nbd7 7. Qc2 c6 8. Rd1 b6 9. b3 Bb7 10. Nc3 Ba6 11. Bb2 Qc7 12. Nd2 b5 13. e4 dxc4 14. bxc4 bxc4 15. Rab1 Rab8 16. Ne2 Rb4 17. Ba1 Rxb1 18. Rxb1 Rb8 19. Rc1 c5 20. d5 exd5 21. exd5 Nb6 22. Nf4 Rd8 23. Re1 Nbxd5 24. Nxd5 Nxd5 25. Nxc4 Bf8 26. a3 Nb6 27. Ne5 Bb7 28. Bxb7 Qxb7 29. Ng4 Qf3 30. Ne3 h6 31. a4 Nd5 32. Nxd5 Rxd5 33. Be5 Rd8 34. Bf4 Rd3 35. Qc4 Rd4 36. Qc2 Qd5 37. Be3 Rd3 38. Rc1 a6 39. Kf1 g6 40. h4 Qf5 41. Ke2 c4 42. Qxc4 Ra3 43. Bb6 Qd7 44. a5 Ra4 45. Qc6 Ra2+ 1/2-1/2

[Event "VI Sunway Sitges Open 2019"]
[Site "Sitges"]
[Date "2019.12.22"]
[Round "10.13"]
[White "Maghsoodloo, Parham"]
[Black "Erigaisi Arjun"]
[Result "1/2-1/2"]
[WhiteElo "2690"]
[BlackElo "2544"]
[Annotator "TA"]
[PlyCount "107"]
[EventDate "2019.12.13"]
[EventType "swiss"]
[EventCountry "ESP"]
[SourceTitle "playchess.com"]
[Source "ChessBase"]
[SourceQuality "1"]

1. c4 e6 2. g3 d5 3. Bg2 Nf6 4. Nf3 dxc4 5. Qa4+ Nbd7 6. Qxc4 c5 7. Qb3 Rb8 8. a4 b6 9. O-O Bb7 10. d3 Bd6 11. Na3 a6 12. Nc4 Bc7 13. Bd2 O-O 14. Qc2 Rc8 15. Rfc1 Nd5 16. Qd1 h6 17. Qe1 a5 18. e3 Qe7 19. Qe2 Rfd8 20. Rd1 Ba6 21. Rac1 Nb8 22. d4 Nc6 23. dxc5 Qxc5 24. b3 Ndb4 25. Bxb4 Qxb4 26. Rxd8+ Rxd8 27. Qb2 Bb8 28. Bf1 Ne7 29. Nd4 Bb7 30. Bg2 Nd5 31. Nb5 Ba6 32. Nd4 Rc8 33. Bxd5 exd5 34. Nd2 Be5 35. N2f3 Bf6 36. Rxc8+ Bxc8 37. Qc2 Bh3 38. Ne2 g5 39. Qd3 Qa3 40. Kh1 Qa1+ 41. Nfg1 Bf1 42. Qd2 Bb2 43. h4 Qb1 44. Kh2 gxh4 45. Qxd5 Qc2 46. Qa8+ Kg7 47. Qf3 Qxb3 48. Qg4+ Kh7 49. Qe4+ Kg8 50. Qe8+ Kg7 51. Nf4 Bc4 52. Nh5+ Kh7 53. Qe4+ Kh8 54. Qe8+ 1/2-1/2

[Event "VI Sunway Sitges Open 2019"]
[Site "Sitges"]
[Date "2019.12.22"]
[Round "10.14"]
[White "Krzyzanowski, Marcin"]
[Black "Melkumyan, Hrant"]
[Result "1/2-1/2"]
[WhiteElo "2506"]
[BlackElo "2668"]
[Annotator "TA"]
[PlyCount "86"]
[EventDate "2019.12.13"]
[EventType "swiss"]
[EventCountry "ESP"]
[SourceTitle "playchess.com"]
[Source "ChessBase"]
[SourceQuality "1"]

1. c4 g6 2. g3 Bg7 3. Bg2 e5 4. Nc3 Nc6 5. Nf3 Nge7 6. O-O O-O 7. Rb1 a5 8. a3 d6 9. d3 h6 10. b4 axb4 11. axb4 Be6 12. Ne1 d5 13. b5 Na5 14. cxd5 Nxd5 15. Nxd5 Bxd5 16. Bd2 Re8 17. Qc2 c6 18. Bxd5 cxd5 19. Ng2 d4 20. Rfc1 b6 21. Qc7 Bf8 22. Qxd8 Rexd8 23. Ne1 Rd5 24. e4 dxe3 25. Bxe3 Rb8 26. Kf1 Kg7 27. Ke2 Nb7 28. Bxb6 Nd6 29. Rc5 Rxc5 30. Bxc5 Rxb5 31. Rxb5 Nxb5 32. Bxf8+ Kxf8 33. Ke3 Nd6 34. f4 exf4+ 35. Kxf4 f6 36. h4 Kf7 37. Nf3 Ke6 38. g4 Kd5 39. g5 fxg5+ 40. hxg5 hxg5+ 41. Kxg5 Ne4+ 42. dxe4+ Kxe4 43. Kxg6 Kxf3 1/2-1/2

[Event "VI Sunway Sitges Open 2019"]
[Site "Sitges"]
[Date "2019.12.22"]
[Round "10.15"]
[White "Saduakassova, Dinara"]
[Black "Sasikiran, Krishnan"]
[Result "1/2-1/2"]
[WhiteElo "2505"]
[BlackElo "2656"]
[Annotator "TA"]
[PlyCount "79"]
[EventDate "2019.12.13"]
[EventType "swiss"]
[EventCountry "ESP"]
[SourceTitle "playchess.com"]
[Source "ChessBase"]
[SourceQuality "1"]

1. d4 d5 2. c4 c6 3. Nf3 Nf6 4. e3 Bf5 5. Nc3 e6 6. Nh4 Bg6 7. Be2 Nbd7 8. O-O Ne4 9. g3 Nd6 10. cxd5 cxd5 11. b3 Be7 12. Ba3 a6 13. Rc1 Nf6 14. Nxg6 hxg6 15. Bf3 Nf5 16. Bxe7 Nxe7 17. e4 O-O 18. exd5 exd5 19. h4 Qd6 20. Qd3 Rac8 21. Ne2 Nf5 22. Kg2 Rce8 23. Rh1 Ne4 24. Bg4 Nh6 25. Bf3 Re7 26. Rc2 Rfe8 27. Rhc1 Nf5 28. Rc8 Kh7 29. Rxe8 Rxe8 30. Bg4 Qf6 31. Bxf5 Qxf5 32. Nf4 Re7 33. f3 Nd6 34. Qxf5 Nxf5 35. Kf2 Nxd4 36. Rd1 Nf5 37. Nxd5 Re6 38. Nc3 Rc6 39. Ne4 f6 40. Rd5 1/2-1/2

[Event "VI Sunway Sitges Open 2019"]
[Site "Sitges"]
[Date "2019.12.22"]
[Round "10.16"]
[White "Edouard, Romain"]
[Black "Gordon, Stephen J"]
[Result "1/2-1/2"]
[WhiteElo "2653"]
[BlackElo "2495"]
[Annotator "TA"]
[PlyCount "64"]
[EventDate "2019.12.13"]
[EventType "swiss"]
[EventCountry "ESP"]
[SourceTitle "playchess.com"]
[Source "ChessBase"]
[SourceQuality "1"]

1. e4 c5 2. Nf3 d6 3. Bb5+ Nd7 4. O-O a6 5. Bd3 Ngf6 6. Re1 e6 7. c3 b5 8. Bc2 c4 9. a4 Bb7 10. axb5 axb5 11. Rxa8 Qxa8 12. Na3 Bxe4 13. Bxe4 Nxe4 14. Nxb5 Qb7 15. d3 cxd3 16. Qxd3 d5 17. c4 Bc5 18. Be3 O-O 19. cxd5 exd5 20. Bxc5 Ndxc5 21. Qe2 Rb8 22. Nfd4 Nb3 23. f3 Qb6 24. Qe3 Nxd4 25. Nxd4 Nd6 26. b4 g6 27. Rb1 Nb5 28. Rd1 Rc8 29. Rd3 Nd6 30. Nc2 Qc6 31. Nd4 Qb6 32. Nc2 Qc6 1/2-1/2

[Event "VI Sunway Sitges Open 2019"]
[Site "Sitges"]
[Date "2019.12.22"]
[Round "10.17"]
[White "Sadzikowski, Daniel"]
[Black "Sethuraman, S.P."]
[Result "0-1"]
[WhiteElo "2504"]
[BlackElo "2638"]
[Annotator "TA"]
[PlyCount "96"]
[EventDate "2019.12.13"]
[EventType "swiss"]
[EventCountry "ESP"]
[SourceTitle "playchess.com"]
[Source "ChessBase"]
[SourceQuality "1"]

1. e4 c5 2. Nf3 d6 3. Bb5+ Nd7 4. a4 Ngf6 5. Nc3 a6 6. Be2 b6 7. d4 cxd4 8. Qxd4 e5 9. Qe3 Bb7 10. O-O Be7 11. Nd2 Qc7 12. Rd1 O-O 13. Nc4 Nc5 14. f3 Rad8 15. b4 d5 16. exd5 Nxd5 17. Nxd5 Bxd5 18. Qxe5 Qb7 19. Bb2 Ne6 20. Qc3 a5 21. bxa5 bxa5 22. Rab1 Bxc4 23. Qxc4 Rxd1+ 24. Bxd1 Rb8 25. Kh1 Qd7 26. Be2 Rb4 27. Qa6 Qxa4 28. Ra1 Qxc2 29. Be5 Rb1+ 30. Rxb1 Qxb1+ 31. Bf1 a4 32. Qd3 Qb6 33. f4 Nc5 34. Qb5 Qxb5 35. Bxb5 a3 36. Bc4 Ne4 37. g3 Bf6 38. Bc7 Bb2 39. Ba5 Bc3 40. Bb6 Bb2 41. Kg2 Kf8 42. f5 Ke7 43. g4 f6 44. Ba5 Bc3 45. Bc7 Kd7 46. Bf4 Kc6 47. Kf3 Nc5 48. h3 Nd3 0-1

[Event "VI Sunway Sitges Open 2019"]
[Site "Sitges"]
[Date "2019.12.22"]
[Round "10.18"]
[White "Lobanov, Sergei"]
[Black "Vocaturo, Daniele"]
[Result "1/2-1/2"]
[WhiteElo "2504"]
[BlackElo "2627"]
[Annotator "TA"]
[PlyCount "74"]
[EventDate "2019.12.13"]
[EventType "swiss"]
[EventCountry "ESP"]
[SourceTitle "playchess.com"]
[Source "ChessBase"]
[SourceQuality "1"]

1. e4 e5 2. Nf3 Nc6 3. Bb5 a6 4. Ba4 Nf6 5. O-O b5 6. Bb3 Bb7 7. Re1 Bc5 8. c3 d6 9. d4 Bb6 10. Be3 O-O 11. Nbd2 exd4 12. cxd4 Nb4 13. d5 c5 14. dxc6 Nxc6 15. Bg5 h6 16. Bh4 Ne5 17. Nxe5 dxe5 18. Qe2 Qe7 19. Bd5 Bxd5 20. exd5 Rad8 21. Ne4 g5 22. d6 Qe6 23. Nxf6+ Qxf6 24. Bg3 Bd4 25. Bxe5 Bxe5 26. Qxe5 Qxe5 27. Rxe5 Rxd6 28. a4 bxa4 29. h4 gxh4 30. Rxa4 Rb8 31. Re2 h3 32. g3 Rdb6 33. Ra2 Kg7 34. Kh2 Rb3 35. Rxa6 Rxb2 36. Ra2 Rxa2 37. Rxa2 Kg6 1/2-1/2

[Event "VI Sunway Sitges Open 2019"]
[Site "Sitges"]
[Date "2019.12.22"]
[Round "10.19"]
[White "Narayanan.S.L"]
[Black "Erenberg, Ariel"]
[Result "1/2-1/2"]
[WhiteElo "2626"]
[BlackElo "2479"]
[Annotator "TA"]
[PlyCount "220"]
[EventDate "2019.12.13"]
[EventType "swiss"]
[EventCountry "ESP"]
[SourceTitle "playchess.com"]
[Source "ChessBase"]
[SourceQuality "1"]

1. d4 Nf6 2. Nf3 e6 3. c4 d5 4. Nc3 dxc4 5. e4 b5 6. e5 Nd5 7. Nxb5 Nb6 8. Be2 Be7 9. O-O Nc6 10. Nc3 O-O 11. Qd2 Bb7 12. Rd1 Nb4 13. a3 N4d5 14. Ne4 Qd7 15. Nc5 Bxc5 16. dxc5 Na4 17. Qc2 Nxc5 18. Bxc4 Qc6 19. Bxd5 exd5 20. Nd4 Qb6 21. Be3 Nd7 22. Nf5 c5 23. Ne7+ Kh8 24. Nxd5 Qc6 25. f4 Rad8 26. Ne7 Qe6 27. Nf5 Bd5 28. Re1 f6 29. exf6 Qxf6 30. Ng3 Rb8 31. Re2 Rfe8 32. Rae1 Re7 33. Bxc5 Rxe2 34. Rxe2 Rc8 35. b4 Nxc5 36. bxc5 Qa1+ 37. Nf1 Qxa3 38. Re5 Qxc5+ 39. Qxc5 Rxc5 40. Ne3 Rc1+ 41. Kf2 Bg8 42. Re7 a5 43. Ra7 Rc5 44. g4 g6 45. f5 gxf5 46. gxf5 Re5 47. Ra8 Kg7 48. f6+ Kf7 49. Ng4 Rg5 50. Nh6+ Kxf6 51. Nxg8+ Kf7 52. Nh6+ Kg6 53. h4 Rh5 54. Ra6+ Kg7 55. Ng4 Rxh4 56. Kg3 Rh1 57. Rxa5 h5 58. Ne3 h4+ 59. Kg2 Rb1 60. Nf5+ Kf6 61. Nxh4 Ke6 62. Nf5 Rd1 63. Ne3 Rd4 64. Kf3 Rb4 65. Nc2 Rc4 66. Ra2 Ke5 67. Ke3 Rc3+ 68. Kd2 Rh3 69. Ra5+ Ke4 70. Ra4+ Ke5 71. Ne3 Rh8 72. Ng4+ Kf5 73. Ke2 Rh7 74. Nf2 Re7+ 75. Kf3 Ke5 76. Ng4+ Kd6 77. Ne3 Rh7 78. Ra5 Rh1 79. Nf5+ Ke6 80. Ke4 Re1+ 81. Ne3 Kd6 82. Kd4 Ke6 83. Ra6+ Kf7 84. Nd5 Kg7 85. Nf6 Kf7 86. Ne4 Kg7 87. Ke5 Kf7 88. Ra3 Kg7 89. Kf5 Kf7 90. Ra7+ Ke8 91. Nd6+ Kd8 92. Nf7+ Kc8 93. Ne5 Re2 94. Ke6 Re1 95. Ra3 Kc7 96. Rc3+ Kb6 97. Kd5 Rd1+ 98. Nd3 Rh1 99. Rc6+ Kb5 100. Rc8 Kb6 101. Nc5 Rd1+ 102. Ke6 Re1+ 103. Kd6 Rd1+ 104. Ke5 Re1+ 105. Ne4 Kb5 106. Rc2 Kb6 107. Kd5 Rd1+ 108. Nd2 Kb7 109. Kd6 Rh1 110. Rb2+ Kc8 1/2-1/2

[Event "VI Sunway Sitges Open 2019"]
[Site "Sitges"]
[Date "2019.12.22"]
[Round "10.20"]
[White "Garriga Cazorla, Pere"]
[Black "Salgado Lopez, Ivan"]
[Result "1/2-1/2"]
[WhiteElo "2484"]
[BlackElo "2605"]
[Annotator "TA"]
[PlyCount "60"]
[EventDate "2019.12.13"]
[EventType "swiss"]
[EventCountry "ESP"]
[SourceTitle "playchess.com"]
[Source "ChessBase"]
[SourceQuality "1"]

1. d4 e6 2. c4 b6 3. Nf3 Bb7 4. Nc3 Nf6 5. e3 d5 6. cxd5 Nxd5 7. Bb5+ c6 8. Bd3 Be7 9. O-O O-O 10. Nxd5 Qxd5 11. e4 Qh5 12. Ne5 Qxd1 13. Rxd1 Rd8 14. Be3 f6 15. Nf3 Nd7 16. Bc4 Kf7 17. d5 cxd5 18. exd5 exd5 19. Rxd5 Bxd5 20. Bxd5+ Ke8 21. Bxa8 Rxa8 22. Kf1 Rc8 23. Rc1 Rxc1+ 24. Bxc1 Nc5 25. Ke2 Kd7 26. Nd4 g6 27. b3 a6 28. f3 b5 29. Be3 Bd6 30. g3 f5 1/2-1/2

[Event "VI Sunway Sitges Open 2019"]
[Site "Sitges"]
[Date "2019.12.22"]
[Round "10.21"]
[White "Zanan, Evgeny"]
[Black "Praggnanandhaa R"]
[Result "1/2-1/2"]
[WhiteElo "2493"]
[BlackElo "2586"]
[Annotator "ChessBase"]
[PlyCount "62"]
[EventDate "2019.12.13"]
[EventType "swiss"]
[EventCountry "ESP"]
[SourceTitle "playchess.com"]
[Source "ChessBase"]
[SourceQuality "1"]

1. e4 e5 2. Nf3 Nc6 3. Bb5 g6 4. d4 exd4 5. c3 a6 6. Ba4 dxc3 7. Nxc3 h6 8. O-O Bg7 9. Bd2 Nge7 10. Qc1 d6 11. Nd5 Kf8 12. Bc3 Nxd5 13. Bxg7+ Kxg7 14. exd5 Ne5 15. Qc3 Qf6 16. Nxe5 Qxe5 17. Qxe5+ dxe5 18. Rac1 b5 19. Bb3 Ra7 20. Rc5 Bd7 21. Rfc1 Kf6 22. g3 Ke7 23. Rxc7 Rha8 24. d6+ Kxd6 25. Rxa7 Rxa7 26. Bxf7 g5 27. Rd1+ Ke7 28. Bd5 Bf5 29. Re1 Kd6 30. Be4 Be6 31. a3 Rc7 1/2-1/2

[Event "VI Sunway Sitges Open 2019"]
[Site "Sitges"]
[Date "2019.12.22"]
[Round "10.22"]
[White "Santos Latasa, Jaime"]
[Black "Karthik Venkataraman"]
[Result "0-1"]
[WhiteElo "2585"]
[BlackElo "2470"]
[Annotator "RC"]
[PlyCount "70"]
[EventDate "2019.12.13"]
[EventType "swiss"]
[EventCountry "ESP"]
[SourceTitle "playchess.com"]
[Source "ChessBase"]
[SourceQuality "1"]

1. e4 g6 2. d4 Bg7 3. c4 d6 4. Nc3 Nc6 5. d5 Nd4 6. Be3 c5 7. Nge2 Nxe2 8. Bxe2 Qa5 9. Qd2 Nf6 10. O-O O-O 11. h3 a6 12. a3 Nd7 13. Bh6 Bxh6 14. Qxh6 Rb8 15. Rfb1 Re8 16. Qd2 Nf6 17. Bd3 e6 18. Qg5 Qd8 19. b4 exd5 20. cxd5 cxb4 21. axb4 Bd7 22. Qe3 Rc8 23. Qd4 Nh5 24. Rc1 Qg5 25. Kh1 Nf4 26. Bf1 Rc7 27. Na2 Rxc1 28. Rxc1 Bb5 29. Qd1 Bxf1 30. Qxf1 Rxe4 31. Rd1 Qe5 32. g3 Nxd5 33. b5 a5 34. Qd3 Nb4 35. Nxb4 Rxb4 0-1

[Event "VI Sunway Sitges Open 2019"]
[Site "Sitges"]
[Date "2019.12.22"]
[Round "10.23"]
[White "Gukesh D"]
[Black "Kacharava, Nikolozi"]
[Result "1-0"]
[WhiteElo "2547"]
[BlackElo "2416"]
[Annotator "ChessBase"]
[PlyCount "75"]
[EventDate "2019.12.13"]
[EventType "swiss"]
[EventCountry "ESP"]
[SourceTitle "playchess.com"]
[Source "ChessBase"]
[SourceQuality "1"]

1. c4 e5 2. g3 g6 3. Bg2 Bg7 4. Nc3 Nc6 5. e3 Nge7 6. Nge2 O-O 7. O-O d6 8. d3 Be6 9. Nd5 Qd7 10. Rb1 Nd8 11. b4 Nc8 12. b5 c6 13. bxc6 bxc6 14. Ndc3 Bh3 15. Bxh3 Qxh3 16. Qa4 Qd7 17. Qa6 f5 18. Na4 Rf7 19. Bd2 Ne6 20. Rb3 e4 21. Rfb1 exd3 22. Rxd3 Ng5 23. Ba5 Qe8 24. Nac3 Nf3+ 25. Kg2 Ne5 26. Rdd1 Qe6 27. c5 dxc5 28. Rd8+ Bf8 29. Rb7 Qc4 30. Rxf7 Qxf7 31. Rxc8 Rxc8 32. Qxc8 g5 33. Bc7 Nc4 34. Bb8 Qf6 35. Bxa7 f4 36. exf4 gxf4 37. Qg4+ Bg7 38. Qxf4 1-0

[Event "VI Sunway Sitges Open 2019"]
[Site "Sitges"]
[Date "2019.12.22"]
[Round "10.24"]
[White "Moradiabadi, Elshan"]
[Black "Dhulipalla Bala Chandra Prasad"]
[Result "1-0"]
[WhiteElo "2539"]
[BlackElo "2414"]
[Annotator "ChessBase"]
[PlyCount "109"]
[EventDate "2019.12.13"]
[EventType "swiss"]
[EventCountry "ESP"]
[SourceTitle "playchess.com"]
[Source "ChessBase"]
[SourceQuality "1"]

1. c4 e5 2. Nc3 Bb4 3. Qc2 Nf6 4. Nf3 Qe7 5. g3 O-O 6. Bg2 c6 7. a3 Bxc3 8. Qxc3 Re8 9. O-O d5 10. d3 e4 11. dxe4 Nxe4 12. Qc2 dxc4 13. Qxc4 Nd7 14. b4 Qf6 15. Nd4 Nb6 16. Qd3 Bf5 17. Nxf5 Qxf5 18. f3 Qf6 19. Ra2 Nc3 20. Rc2 Nba4 21. e4 Rad8 22. Qe3 Qd4 23. Re1 Nb5 24. Qxd4 Nxd4 25. Rf2 c5 26. Bf1 b5 27. bxc5 Nxc5 28. Kg2 a6 29. Be3 Nce6 30. Rd2 f5 31. Red1 Nc2 32. Bb6 Rxd2+ 33. Rxd2 Nxa3 34. exf5 Ng5 35. Ra2 Nc4 36. Rxa6 Nd6 37. g4 h5 38. Bc5 Nb7 39. Bf2 hxg4 40. fxg4 Ne4 41. Bxb5 Rd8 42. Be3 Nbd6 43. Bc6 Nf6 44. h3 Nc4 45. Bg5 Kf8 46. Bf3 Nd6 47. Bf4 Nc4 48. Rc6 Rd4 49. Bg5 Ke7 50. Be2 Nd6 51. Be3 Rd5 52. Rc7+ Kf8 53. Rc5 Ke8 54. Rxd5 Nxd5 55. Bc1 1-0

[Event "VI Sunway Sitges Open 2019"]
[Site "Sitges"]
[Date "2019.12.22"]
[Round "10.26"]
[White "Raja Harshit"]
[Black "Sindarov, Javokhir"]
[Result "0-1"]
[WhiteElo "2447"]
[BlackElo "2526"]
[Annotator "ChessBase"]
[PlyCount "78"]
[EventDate "2019.12.13"]
[EventType "swiss"]
[EventCountry "ESP"]
[SourceTitle "playchess.com"]
[Source "ChessBase"]
[SourceQuality "1"]

1. e4 e5 2. Nf3 Nc6 3. Bb5 f5 4. d3 fxe4 5. dxe4 Nf6 6. O-O Bc5 7. Bxc6 bxc6 8. Nxe5 O-O 9. Nc3 d6 10. Na4 Nxe4 11. Nxc6 Qe8 12. Qd5+ Kh8 13. Nxc5 Nxc5 14. b4 Rf5 15. Qd4 Ba6 16. c4 Qxc6 17. b5 Bxb5 18. cxb5 Qxb5 19. Bb2 Ne6 20. Qc3 Rf7 21. Rae1 Nf4 22. Qf3 Raf8 23. Ba1 h6 24. Re4 d5 25. Re5 c5 26. Qg4 Qd7 27. Qd1 Rf5 28. Rfe1 d4 29. f3 Rxe5 30. Rxe5 Rf5 31. Re4 Qb5 32. Kf2 Rf6 33. Kg1 Qd3 34. Qb3 Qxb3 35. axb3 Nd3 36. Bxd4 cxd4 37. Rxd4 Nc1 38. Rd8+ Kh7 39. b4 Rb6 0-1

[Event "VI Sunway Sitges Open 2019"]
[Site "Sitges"]
[Date "2019.12.22"]
[Round "10.27"]
[White "Sadhwani, Raunak"]
[Black "Mendonca, Leon Luke"]
[Result "1-0"]
[WhiteElo "2507"]
[BlackElo "2398"]
[Annotator "ChessBase"]
[PlyCount "71"]
[EventDate "2019.12.13"]
[EventType "swiss"]
[EventCountry "ESP"]
[SourceTitle "playchess.com"]
[Source "ChessBase"]
[SourceQuality "1"]

1. e4 c5 2. Nf3 d6 3. d4 cxd4 4. Nxd4 Nf6 5. Nc3 a6 6. h4 e5 7. Nb3 Be6 8. f4 b5 9. f5 Bc8 10. g4 Bb7 11. Bg2 b4 12. Nd5 Nxd5 13. exd5 Nd7 14. a3 a5 15. axb4 axb4 16. Bd2 Rxa1 17. Qxa1 Be7 18. Qa7 Qa8 19. Qxa8+ Bxa8 20. Na5 Nf6 21. Nc6 Kd7 22. Nxb4 Nxg4 23. Ke2 Bb7 24. c4 g6 25. Rf1 Nh2 26. Ra1 gxf5 27. Ra7 Kc8 28. c5 dxc5 29. d6 e4 30. dxe7 cxb4 31. Bh3 Ng4 32. Ra5 Kd7 33. Rxf5 Rg8 34. Rxf7 Ba6+ 35. Ke1 e3 36. Bxb4 1-0

[Event "VI Sunway Sitges Open 2019"]
[Site "Sitges"]
[Date "2019.12.22"]
[Round "10.28"]
[White "Nomin-Erdene, Davaademberel"]
[Black "Peralta, Fernando"]
[Result "0-1"]
[WhiteElo "2425"]
[BlackElo "2577"]
[Annotator "ChessBase"]
[PlyCount "108"]
[EventDate "2019.12.13"]
[EventType "swiss"]
[EventCountry "ESP"]
[SourceTitle "playchess.com"]
[Source "ChessBase"]
[SourceQuality "1"]

1. e4 e6 2. d4 d5 3. Nc3 Nf6 4. e5 Nfd7 5. f4 c5 6. Nf3 Nc6 7. Be3 cxd4 8. Nxd4 Bc5 9. Qd2 a6 10. O-O-O Nxd4 11. Bxd4 Qc7 12. Kb1 b5 13. Be2 O-O 14. g4 Bb7 15. Rhf1 b4 16. Na4 Bxd4 17. Qxd4 Rfc8 18. Bd3 Qa5 19. b3 Bc6 20. Nb2 Qc5 21. Qxc5 Nxc5 22. f5 a5 23. Rf4 a4 24. bxa4 Rcb8 25. Rd4 Bxa4 26. fxe6 fxe6 27. Rf1 Be8 28. Rff4 Nd7 29. Rxb4 Nxe5 30. Rxb8 Rxb8 31. h3 g5 32. Rf2 Ng6 33. Bxg6 Bxg6 34. Re2 Kf7 35. Re3 Kf6 36. Kc1 Ra8 37. a4 e5 38. Ra3 Ra5 39. Kd2 e4 40. Ke3 Ke5 41. c3 Be8 42. Ra1 Ra6 43. Rf1 Bg6 44. Ra1 Rf6 45. Nd1 Be8 46. Ke2 Rf3 47. Ne3 Rxh3 48. Rf1 Rh2+ 49. Ke1 Bd7 50. Rf8 Ra2 51. Rf7 Be6 52. Re7 Kf4 53. Nf1 Bxg4 54. Rf7+ Bf5 0-1

[Event "VI Sunway Sitges Open 2019"]
[Site "Sitges"]
[Date "2019.12.22"]
[Round "10.29"]
[White "Trent, Lawrence"]
[Black "Dragnev, Valentin"]
[Result "0-1"]
[WhiteElo "2396"]
[BlackElo "2553"]
[Annotator "RC"]
[PlyCount "112"]
[EventDate "2019.12.13"]
[EventType "swiss"]
[EventCountry "ESP"]
[SourceTitle "playchess.com"]
[Source "ChessBase"]
[SourceQuality "1"]

1. d4 Nf6 2. Nc3 d5 3. Bf4 c5 4. e3 cxd4 5. exd4 a6 6. Nf3 Nc6 7. Ne5 Bd7 8. Qd3 e6 9. Be2 Qb6 10. Nxc6 Qxc6 11. O-O Rc8 12. Rfc1 Bd6 13. Be5 O-O 14. Qg3 Bxe5 15. dxe5 Ne4 16. Nxe4 dxe4 17. c4 Qb6 18. Rab1 Rfd8 19. Rc3 Bc6 20. Qf4 Rd4 21. Rg3 Qd8 22. h4 e3 23. Qxe3 Qxh4 24. Bd3 h6 25. Rh3 Qd8 26. Rc1 Rc7 27. Rc3 Rcd7 28. Bc2 Rd2 29. b4 R7d4 30. Rd3 R4xd3 31. Bxd3 Rxa2 32. b5 axb5 33. cxb5 Be8 34. Qe4 Qb6 35. Qh7+ Kf8 36. Rf3 Ra1+ 37. Kh2 Qd4 38. Qh8+ Ke7 39. Qxg7 Qh4+ 40. Rh3 Qxf2 41. Qxh6 Qg1+ 42. Kg3 Qe1+ 43. Kf3 Qxe5 44. Rh5 Qf6+ 45. Qxf6+ Kxf6 46. Rc5 Ra5 47. g4 b6 48. g5+ Kg7 49. Re5 Bd7 50. Ke3 Kf8 51. Kf4 Ke7 52. Ke3 Kd6 53. Kf4 Ra3 54. Bf1 Rb3 55. Be2 Rb2 56. Bd3 Be8 0-1

[Event "VI Sunway Sitges Open 2019"]
[Site "Sitges"]
[Date "2019.12.22"]
[Round "10.30"]
[White "Lopez Mulet, Inigo"]
[Black "Harutyunian, Tigran K."]
[Result "1/2-1/2"]
[WhiteElo "2382"]
[BlackElo "2540"]
[Annotator "ChessBase"]
[PlyCount "93"]
[EventDate "2019.12.13"]
[EventType "swiss"]
[EventCountry "ESP"]
[SourceTitle "playchess.com"]
[Source "ChessBase"]
[SourceQuality "1"]

1. d4 Nf6 2. c4 e6 3. g3 d5 4. Bg2 Be7 5. Nf3 O-O 6. O-O Nbd7 7. Qc2 c6 8. Nbd2 b6 9. e4 dxc4 10. Nxc4 Bb7 11. e5 Nd5 12. Rd1 c5 13. dxc5 Nxc5 14. h4 h6 15. Ne3 Rc8 16. Qc4 Qc7 17. Qg4 Kh8 18. Qh5 Nxe3 19. Bxe3 Be4 20. Rac1 Rcd8 21. Rd4 Rxd4 22. Nxd4 Qb7 23. Bxe4 Qxe4 24. b4 Nd3 25. Rc7 Bxb4 26. Rxf7 Rxf7 27. Qxf7 Nxe5 28. Qe8+ Kh7 29. Nxe6 Nf3+ 30. Kf1 Qd3+ 31. Kg2 Qd5 32. Nf4 Ne1+ 33. Kh2 Qf5 34. Qc6 Bc5 35. Qe8 Nf3+ 36. Kg2 Ne5 37. Qa8 Bxe3 38. fxe3 Qc2+ 39. Kh3 Qf5+ 40. Kg2 Ng4 41. Kf3 Nh2+ 42. Kg2 Qc2+ 43. Kh3 Nf1 44. Qf3 Nd2 45. Qd5 Nf1 46. Qf3 Nd2 47. Qd5 1/2-1/2

[Event "VI Sunway Sitges Open 2019"]
[Site "Sitges"]
[Date "2019.12.22"]
[Round "10.31"]
[White "Krysa, Leandro"]
[Black "Low, Zhen Yu Cyrus"]
[Result "1-0"]
[WhiteElo "2527"]
[BlackElo "2420"]
[Annotator "ChessBase"]
[PlyCount "57"]
[EventDate "2019.12.13"]
[EventType "swiss"]
[EventCountry "ESP"]
[SourceTitle "playchess.com"]
[Source "ChessBase"]
[SourceQuality "1"]

1. d4 Nf6 2. c4 g6 3. Nf3 Bg7 4. g3 d5 5. Bg2 O-O 6. O-O dxc4 7. Na3 c3 8. bxc3 c5 9. Re1 Nc6 10. Bb2 Qb6 11. Nc4 Qa6 12. Ncd2 Rd8 13. e4 Bd7 14. Bf1 Qb6 15. Rb1 Bg4 16. d5 Ne5 17. c4 Nxf3+ 18. Nxf3 Nxd5 19. cxd5 Bxb2 20. Qc2 Bxf3 21. Rxb2 Qd6 22. Rxb7 Rdb8 23. Rxb8+ Rxb8 24. h3 Rb4 25. Re3 Qf6 26. e5 Qg5 27. Rxf3 Qxe5 28. Qxc5 Rb2 29. Re3 1-0